Diccionario marxista de economía política /

Sábháilte in:
Sonraí bibleagrafaíochta
Príomhchruthaitheoir: Libman, G.I
Rannpháirtithe: Pánchenko, V.I, Tarunin, A. F
Formáid: Téacs
Foilsithe / Cruthaithe: México, D.C.: Ediciones Cultura Popular
Clibeanna: Cuir clib leis
Níl clibeanna ann, Bí ar an gcéad duine le clib a chur leis an taifead seo!

MARC

LEADER 00000 a a2200000 04500
001 25727
003
040
090 |a 182500   |b REFERENCIA  
100 |a Libman, G.I.  
245 |a Diccionario marxista de economía política /  |c G.I. Libman 
260 |a México, D.C.:   |b Ediciones Cultura Popular  
300 |a 260 p.  
700 |a Pánchenko, V.I.  
700 |a Tarunin, A. F  
999 |c 8555  |d 8555